| 000 | 00461nam a2200181Ia 4500 | ||
|---|---|---|---|
| 008 | 131103s9999 xx 000 0 und d | ||
| 020 | _a033024017 X | ||
| 040 | _aLoreto College | ||
| 041 | _aEnglish | ||
| 082 |
_aF/FEC _bLCLIB/24535 |
||
| 100 | _aFecher,Constance | ||
| 245 |
_aKing's Legacy _cConstance Fecher |
||
| 260 |
_aLondon _bPan Books Ltd. _c1967 |
||
| 300 |
_a260 p. _c 18 cm. |
||
| 650 | _aFiction in English | ||
| 850 | _aLCLIB | ||
| 942 | _cBK | ||
| 999 |
_c15942 _d66421 |
||